Clubs de football à Londres - Statistiques

Statistiques générales
  • Ce quiz a été pris 330 fois
  • Le résultat moyen est 5 sur 14
Statistiques - réponses
Division Club Stade % Correct
Premier League Arsenal Emirates Stadium
97%
Premier League Chelsea Stamford Bridge
95%
Premier League Tottenham Hotspur Tottenham HotspurStadium
61%
Premier League Fulham Craven Cottage
52%
Premier League Crystal Palace Selhurst Park
49%
Premier League West Ham United London Stadium
39%
Premier League Brentford FC Brentford CommunityStadium
32%
Championship Queens Park Rangers Loftus Road
24%
Championship Watford Vicarage Road
20%
Championship Millwall The New Den
19%
EFL League One AFC Wimbledon Kingsmeadow
13%
EFL League Two Leyton Orient Brisbane Road
6%
EFL League Two Sutton United Gander Green Lane
4%
EFL League One Charlton Atletic The Valley
2%
Aucun quiz correspondant
Distribution des résultats
% des personnes avec chaque résultat
Percentile par nombre de réponses
Votre historique - résultats
Vous n’avez pas pris ce quiz